Guess the rapper from their most popular song - Statistics

General Stats
  • This quiz has been taken 153 times
  • The average score is 21 of 41
Answer Stats
Hint Answer % Correct
Gods Plan Drake
90%
Lose Yourself Eminem
89%
Sicko Mode Travis Scott
89%
Lucid Dreams Juice WRLD
87%
Still DRE Dr Dre
82%
Murder On My Mind YNW Melly
82%
XO Tourlife Lil Uzi Vert
76%
Gucci Gang Lil Pump
75%
The Box Roddy Ricch
74%
No Role Modelz J Cole
72%
Many Men 50 Cent
69%
DNA Kendrick Lamar
69%
California Love Tupac
69%
Super Bass Nicki Minaj
65%
Freestyle Lil Baby
62%
This is America Childish Gambino
60%
Vamp Anthem Playboi Carti
59%
GUMMO 6ix9ine
57%
Power Kanye West
56%
Hey Ya! Outkast
52%
Rapstar Polo G
51%
Hypnotize Biggie
48%
WAP Meghan Thee Stallion
46%
After Party Don Toliver
45%
A Milli Lil Wayne
45%
Love Scars Trippie Redd
45%
Story of OJ Jay Z
40%
3 Headed Goat Lil Durk
40%
DOLLAZ ON MY HEAD Gunna
38%
Tunnel Vision Kodak Black
38%
Lust Lil Skies
33%
Ultimate Denzel Curry
30%
Back In Blood Pooh Shiesty
28%
Who Want Smoke??? Nardo Wick
27%
Ski Young Thug
26%
PTSD G Herbo
23%
Audi Smoke Purp
23%
One Night Lil Yachty
22%
Outside NBA Youngboy
18%
Real as it gets EST Gee
14%
Tricky Run-D.M.C
14%
No matching quizzes found
Score Distribution
Percent of People with Each Score
Percentile by Number Answered
Your Score History
You have not taken this quiz